000 00222nam a2200097Ia 4500
001 682385
005 20250826161418.0
008 250824s9999 xx 000 0 und d
245 0 _aGELİBOLU
_cBUKET UZUNER
260 _bEVEREST
999 _c682385
_d682385